The anatomy & identification of Malaysian Hardwoods

Bibliographic Details
Main Author: MENON
Format: Book
Published: Kuala Lumpur : Forest Research Institute , 1971
Series:Malayan forest records; n.27
Subjects:

MARC

LEADER 00000cam a2200000 7i4500
001 0000000491
005 20000823.0
090 0 0 |a 581.49509595   |b MEN 1971 
100 1 0 |a MENON   |h P. K. Balan 
245 1 4 |a The anatomy & identification of Malaysian Hardwoods   |c P.K. Balan Menon 
260 0 0 |a Kuala Lumpur :   |b Forest Research Institute ,   |c 1971 
300 |a 124 p. :   |b ill. ;   |c 24 cm. 
440 0 0 |a Malayan forest records; n.27 
500 0 0 |a Bibliography: [p.119-121] 
650 0 0 |a Hardwoods   |x Identification   |z Malaysia 
650 0 0 |a Hardwoods   |z Malaysia   |x Anatomy 
999 |a 0000000115   |b Monograph   |c Open Shelf   |e Default branch 
999 |a 0000000116   |b Monograph   |c Open Shelf   |e Default branch 
999 |a 0000001649   |b Monograph   |c Reference   |e Default branch